Загрузка...
Educationa of Women A key to progress /
| Главный автор: | |
|---|---|
| Язык: | Undetermined |
| Опубликовано: |
1970.
|
| Серии: | Inida education and youth services(Ministry 0f ) publication
|
| LEADER | 00485nam a2200133Ia 4500 | ||
|---|---|---|---|
| 001 | 85459 | ||
| 008 | 170722s9999 xx 000 0 und d | ||
| 100 | |a Thackersey, Premlila V. | ||
| 245 | |a Educationa of Women |b A key to progress / | ||
| 260 | |c 1970. | ||
| 490 | |a Inida education and youth services(Ministry 0f ) publication | ||
| 942 | |c GEN | ||
| 999 | |c 87220 |d 87220 | ||
| 952 | |0 0 |1 0 |4 0 |6 T_55_200000000000000_N6_L0_GP |7 0 |9 121910 |a LIB |b LIB |d 2017-08-12 |o T55.2.N6 L0 (GP) |p 153242 |r 2017-08-12 |w 2017-08-12 |y GEN | ||